000 00706nam a22001937a 4500
008 100324r20082009in|||||r|||| 001 0 eng d
020 _a8188458511
082 _222
_a624.151
_bSIN
100 _913090
_aSingh, Parbin
245 _aA Textbook of Engineering and General Geology/
_cBy Parbin Singh
250 _a8th ed. & rev.
260 _aNew Delhi:
_bS. K. Kataria & Sons, 2008
_c2008
300 _a591p.:
_bill.;
_c24 cm.
490 _aKatson Educational series
500 _aIncludes index
650 _911563
_aEngineering geology
942 _2ddc
_cBB
999 _c13772
_d13772